[Event "Dos Hermanas Internet qual-E 10th"]
[Site "ICC INT"]
[Date "2009.03.15"]
[Round "6"]
[White "De Leo, Andres"]
[Black "Harila, Per"]
[Result "1-0"]
[WhiteElo "2046"]
[BlackElo "2078"]
[PlyCount "65"]
[EventDate "2009.03.15"]
[EventType "swiss (blitz)"]
[EventRounds "12"]
[EventCountry "ESP"]
[SourceTitle "CBM 129 Extra"]
[Source "ChessBase"]
[SourceDate "2009.05.05"]
[SourceVersion "2"]
[SourceVersionDate "2009.05.20"]
[SourceQuality "1"]

1. e4 c5 2. Nf3 Nc6 3. d4 cxd4 4. Nxd4 g6 5. c4 Bg7 6. Be3 Nf6 7. Nc3 0-0 8. Be2 Nxd4 9. Bxd4 d6 10. 0-0 Bd7 11. b4 Bc6 12. f3 a6 13. a4 Rb8 14. b5 axb5 15. cxb5 Bd7 16. a5 Be6 17. Qd2 Nd7 18. Bxg7 Kxg7 19. Nd5 Bxd5 20. Qxd5 Kg8 21. a6 Qc7 22. Rfc1 Qb6+ 23. Kh1 Nc5 24. axb7 Rxb7 25. e5 Rc8 26. exd6 exd6 27. Ra6 Qc7 28. Rxd6 Ne6 29. Rxc7 Rbxc7 30. h3 Rc1+ 31. Kh2 Nf4 32. Rd8+ Kg7 33. Qd4+ 1-0

[Event "Dos Hermanas Internet qual-A 10th"]
[Site "ICC INT"]
[Date "2009.03.13"]
[Round "1"]
[White "Harila, Per"]
[Black "Czarnota, Pawel"]
[Result "0-1"]
[WhiteElo "2078"]
[BlackElo "2531"]
[PlyCount "92"]
[EventDate "2009.03.13"]
[EventType "swiss (blitz)"]
[EventRounds "12"]
[EventCountry "ESP"]
[SourceTitle "CBM 129 Extra"]
[Source "ChessBase"]
[SourceDate "2009.05.05"]
[SourceVersion "2"]
[SourceVersionDate "2009.05.20"]
[SourceQuality "1"]

1. d4 Nf6 2. Nf3 d5 3. g3 c6 4. Bg2 Bg4 5. 0-0 Nbd7 6. a4 Bxf3 7. Bxf3 e5 8. dxe5 Nxe5 9. Bg2 Bd6 10. a5 0-0 11. Bg5 h6 12. Bf4 Nc4 13. Bxd6 Qxd6 14. Qc1 Qe5 15. Nc3 d4 16. b3 Nd6 17. Na4 Qxe2 18. Re1 Qg4 19. h3 Qf5 20. Re7 Qxa5 21. Qa3 Qd8 22. Rae1 Nb5 23. Qc5 d3 24. cxd3 Rb8 25. Nb2 Qd4 26. Qxd4 Nxd4 27. b4 Rfe8 28. Rxe8+ Rxe8 29. Rxe8+ Nxe8 30. Nc4 Kf8 31. Na5 Nd6 32. f4 g5 33. fxg5 hxg5 34. Kf2 Ke7 35. Ke3 N4f5+ 36. Kf2 Nd4 37. Ke3 Nc2+ 38. Kf3 Nxb4 39. Kg4 f6 40. h4 gxh4 41. gxh4 Nxd3 42. h5 Ne5+ 43. Kf4 Nef7 44. Bf1 f5 45. Nc4 Kf6 46. Nxd6 Nxd6 0-1

[Event "Budapest FS11 Elo-A"]
[Site "Budapest"]
[Date "2005.11.09"]
[Round "4"]
[White "Harila, Per"]
[Black "Borda, Lajos"]
[Result "0-1"]
[WhiteElo "2144"]
[BlackElo "2210"]
[PlyCount "92"]
[EventDate "2005.11.06"]
[EventType "tourn"]
[EventRounds "10"]
[EventCountry "HUN"]
[SourceTitle "CBM 109 Extra"]
[Source "ChessBase"]
[SourceDate "2006.01.03"]
[SourceVersion "2"]
[SourceVersionDate "2006.01.03"]
[SourceQuality "1"]

1. e4 c5 2. Nf3 d6 3. c3 Nf6 4. Be2 Nc6 5. d4 cxd4 6. cxd4 Nxe4 7. d5 Qa5+ 8. Nc3 Nxc3 9. bxc3 Nd8 10. 0-0 e5 11. dxe6 fxe6 12. Nd4 Bd7 13. Rb1 Be7 14. Nb5 Nf7 15. Ba3 Bc6 16. Bxd6 0-0-0 17. Bb4 Bxb4 18. cxb4 Qxb5 19. Bxb5 Rxd1 20. Rfxd1 Bxb5 21. Rbc1+ Kb8 22. Rc5 a6 23. Rdc1 Bc6 24. Rd1 Re8 25. f4 Re7 26. Kf2 e5 27. fxe5 Nxe5 28. h3 Bb5 29. Rc3 Nc6 30. a3 Re2+ 31. Kg1 Re4 32. Rd7 Nd4 33. Rd8+ Ka7 34. Rcc8 Nf5 35. Rf8 Re1+ 36. Kh2 g6 37. Rc2 h5 38. g4 Ne3 39. Ra2 h4 40. Rf6 Bc4 41. Rd2 Nf1+ 42. Rxf1 Bxf1 43. Rd6 g5 44. a4 Re3 45. b5 axb5 46. axb5 Rxh3+ 0-1

[Event "Budapest FS11 Elo-A"]
[Site "Budapest"]
[Date "2005.11.08"]
[Round "3"]
[White "Harila, Per"]
[Black "Csapo, Zoltan"]
[Result "1-0"]
[WhiteElo "2144"]
[BlackElo "2146"]
[PlyCount "83"]
[EventDate "2005.11.06"]
[EventType "tourn"]
[EventRounds "10"]
[EventCountry "HUN"]
[SourceTitle "CBM 109 Extra"]
[Source "ChessBase"]
[SourceDate "2006.01.03"]
[SourceVersion "2"]
[SourceVersionDate "2006.01.03"]
[SourceQuality "1"]

1. d4 Nf6 2. c4 g6 3. Nc3 Bg7 4. e4 d6 5. Nge2 Nc6 6. d5 Ne5 7. f4 Ned7 8. Ng3 h5 9. Be2 Nc5 10. Qc2 h4 11. Nf1 c6 12. Be3 cxd5 13. cxd5 Ng4 14. Bxc5 dxc5 15. Bb5+ Kf8 16. h3 Nf6 17. e5 Nh5 18. Qf2 Bh6 19. Qxc5 Bxf4 20. Qd4 f6 21. exf6 exf6 22. Be2 Qe7 23. Qe4 Bf5 24. Qxe7+ Kxe7 25. Rd1 a6 26. Rd4 g5 27. Bg4 Bg6 28. Kd1 f5 29. Bf3 Kd6 30. Nd2 b5 31. Re1 Rae8 32. Re6+ Rxe6 33. dxe6+ Kxe6 34. Bd5+ Ke5 35. Nf3+ Kf6 36. Bb7 Bf7 37. Bxa6 g4 38. hxg4 fxg4 39. Ne4+ Kf5 40. Nxh4+ Ke5 41. Rb4 Bxa2 42. Ng6+ 1-0

[Event "Budapest FS11 Elo-A"]
[Site "Budapest"]
[Date "2005.11.06"]
[Round "1"]
[White "Harila, Per"]
[Black "Hocevar, Nikola"]
[Result "1/2-1/2"]
[WhiteElo "2144"]
[BlackElo "2079"]
[PlyCount "117"]
[EventDate "2005.11.06"]
[EventType "tourn"]
[EventRounds "10"]
[EventCountry "HUN"]
[SourceTitle "CBM 109 Extra"]
[Source "ChessBase"]
[SourceDate "2006.01.03"]
[SourceVersion "2"]
[SourceVersionDate "2006.01.03"]
[SourceQuality "1"]

1. d4 Nf6 2. c4 e6 3. Nc3 d5 4. cxd5 exd5 5. Bg5 c6 6. e3 Be7 7. Qc2 Nbd7 8. Bd3 0-0 9. Nf3 Re8 10. 0-0 Nf8 11. h3 g6 12. Rfe1 Ne6 13. Bh4 Ng7 14. Bg3 Bf5 15. a3 Bxd3 16. Qxd3 Nf5 17. Bh2 Bf8 18. b4 a6 19. Rab1 Ne4 20. a4 Nfd6 21. Ne5 f6 22. Nf3 Kg7 23. Nd2 Nxc3 24. Qxc3 Qd7 25. Qd3 b5 26. Bxd6 Bxd6 27. a5 Re6 28. Qc3 Kf7 29. Rec1 Rae8 30. Nb3 Qe7 31. Nc5 Bxc5 32. Qxc5 Qxc5 33. Rxc5 Ke7 34. Rbc1 Kd7 35. g4 f5 36. Kg2 h6 37. R5c2 Rf8 38. Kg3 Rff6 39. Rg1 f4+ 40. exf4 Re4 41. Rd1 Rexf4 42. Rd3 g5 43. f3 Re6 44. Kf2 h5 45. gxh5 Rh4 46. Kg3 Rxh5 47. Rg2 Reh6 48. Rh2 Rh4 49. Rdd2 Re6 50. Rhg2 Reh6 51. Kf2 R6h5 52. Rg3 Rxh3 53. Rxh3 Rxh3 54. Kg2 Rh4 55. Kg3 Rf4 56. Rd1 Kd6 57. Rd2 Kd7 58. Rd1 Kd6 59. Rd2 1/2-1/2

[Event "Budapest FS10 FM-A"]
[Site "Budapest"]
[Date "2005.10.11"]
[Round "10"]
[White "Szilardfy, Gyula"]
[Black "Harila, Per"]
[Result "1-0"]
[WhiteElo "2077"]
[BlackElo "2144"]
[PlyCount "132"]
[EventDate "2005.10.02"]
[EventType "tourn"]
[EventRounds "10"]
[EventCountry "HUN"]
[SourceTitle "CBM 108 Extra"]
[Source "ChessBase"]
[SourceDate "2005.11.04"]
[SourceVersion "1"]
[SourceVersionDate "2005.11.04"]
[SourceQuality "1"]

1. g3 d6 2. Bg2 e5 3. d3 f5 4. e4 Nc6 5. exf5 Bxf5 6. Nf3 Nf6 7. Bg5 Qd7 8. Nc3 Be7 9. Qd2 Bh3 10. 0-0 Bxg2 11. Kxg2 0-0-0 12. Bxf6 gxf6 13. Nd5 h5 14. h4 Rdg8 15. b4 f5 16. b5 Nd4 17. Nxd4 exd4 18. Qf4 Bd8 19. Qxd4 f4 20. Nxf4 Qf5 21. Rae1 Bxh4 22. Rh1 Bf6 23. Qe4 Qxe4+ 24. Rxe4 Rg5 25. c4 c6 26. bxc6 bxc6 27. Re6 Be5 28. Ng6 Kd7 29. Re7+ Kd8 30. Rxe5 Rxg6 31. Rexh5 Re8 32. Rh8 Rg5 33. Rxe8+ Kxe8 34. Rh8+ Kd7 35. Rh7+ Ke6 36. Rxa7 Re5 37. Kf3 Re1 38. a4 Ra1 39. a5 Ke5 40. Ra6 c5 41. g4 Rd1 42. Ke2 Rg1 43. f3 Ra1 44. Ke3 Re1+ 45. Kd2 Rf1 46. Ke2 Ra1 47. Ra7 Kd4 48. Rd7 Ra2+ 49. Kf1 Kxd3 50. Rxd6+ Kxc4 51. a6 Kb5 52. g5 c4 53. Ke1 Kc5 54. Rf6 c3 55. Kd1 Kc4 56. g6 c2+ 57. Kc1 Kd3 58. Rd6+ Kc3 59. Rc6+ Kd3 60. g7 Ra1+ 61. Kb2 Rb1+ 62. Ka2 Rb8 63. Rd6+ Ke3 64. Rc6 Kd3 65. a7 Ra8 66. Kb2 Rxa7 1-0

[Event "Budapest FS10 FM-A"]
[Site "Budapest"]
[Date "2005.10.04"]
[Round "3"]
[White "Harila, Per"]
[Black "Kaube, Steffi"]
[Result "1/2-1/2"]
[WhiteElo "2144"]
[BlackElo "2012"]
[PlyCount "153"]
[EventDate "2005.10.02"]
[EventType "tourn"]
[EventRounds "10"]
[EventCountry "HUN"]
[SourceTitle "CBM 108 Extra"]
[Source "ChessBase"]
[SourceDate "2005.11.04"]
[SourceVersion "1"]
[SourceVersionDate "2005.11.04"]
[SourceQuality "1"]

1. e4 c5 2. Nf3 Nc6 3. c3 d6 4. d4 Bg4 5. d5 Bxf3 6. Qxf3 Ne5 7. Bb5+ Nd7 8. 0-0 a6 9. Bxd7+ Qxd7 10. Bf4 e5 11. dxe6 Qxe6 12. Na3 Ne7 13. Rad1 Ng6 14. Bg3 Be7 15. e5 dxe5 16. Qxb7 0-0 17. Qd5 Qxd5 18. Rxd5 f6 19. Rfd1 Rfd8 20. c4 Kf7 21. f3 Ke6 22. Bf2 Bd6 23. Kf1 Ne7 24. R5d2 Nc6 25. Nc2 Be7 26. Rxd8 Rxd8 27. Rxd8 Nxd8 28. Ne3 Nb7 29. Nd5 Bd8 30. Ke2 Kd6 31. Kd3 f5 32. b3 a5 33. Be1 Ke6 34. a3 Nd6 35. Nc3 g6 36. Bf2 Nb7 37. Nb5 h6 38. Be3 g5 39. g4 e4+ 40. fxe4 fxg4 41. Bf2 h5 42. Nc3 h4 43. Nd5 Ke5 44. Be1 Nd6 45. Bc3+ Ke6 46. Ke3 Nf7 47. Kf2 Ne5 48. Ne3 Bc7 49. Nd5 Nd3+ 50. Kg1 Bd8 51. Ne3 Ne5 52. Kg2 Bc7 53. Nd5 Bd6 54. Bxa5 Nf3 55. Bc7 h3+ 56. Kh1 Nd2 57. Bxd6 Kxd6 58. Nf6 Nxb3 59. Nxg4 Na5 60. Nf2 Nxc4 61. a4 Ne5 62. Kg1 g4 63. Kf1 c4 64. Ke2 Kc5 65. Ke3 c3 66. a5 Kb5 67. Ke2 Kxa5 68. Kd1 Kb4 69. Kc2 Kc4 70. Nd1 Nf3 71. Ne3+ Kd4 72. Nxg4 Ne1+ 73. Kc1 Nd3+ 74. Kc2 Kxe4 75. Kxc3 Nf4 76. Nf2+ Kf3 77. Nxh3 1/2-1/2

[Event "Budapest FS09 IM-A"]
[Site "Budapest"]
[Date "2005.09.11"]
[Round "9"]
[White "Gerard, Nicolas"]
[Black "Harila, Per"]
[Result "1-0"]
[WhiteElo "2295"]
[BlackElo "2144"]
[PlyCount "67"]
[EventDate "2005.09.03"]
[EventType "tourn"]
[EventRounds "9"]
[EventCountry "HUN"]
[EventCategory "2"]
[SourceTitle "CBM 108 Extra"]
[Source "ChessBase"]
[SourceDate "2005.11.04"]
[SourceVersion "1"]
[SourceVersionDate "2005.11.04"]
[SourceQuality "1"]

1. d4 Nf6 2. c4 c5 3. d5 b5 4. cxb5 a6 5. Nc3 axb5 6. e4 b4 7. Nb5 d6 8. Nf3 g6 9. e5 Ng4 10. exd6 exd6 11. Bf4 Be7 12. Bc4 0-0 13. 0-0 Nd7 14. Nxd6 Ba6 15. Bxa6 Rxa6 16. Nc4 g5 17. Nxg5 Bxg5 18. Qxg4 Rg6 19. Bxg5 Rxg5 20. Qf3 Kh8 21. d6 Rfg8 22. g3 Rg4 23. b3 Qh4 24. Rae1 Qh3 25. Qg2 Qh5 26. Kh1 f5 27. Ne5 Nxe5 28. Rxe5 Rd4 29. Rd5 Rd8 30. Rxd4 cxd4 31. Qd5 Qg4 32. f3 Qg7 33. Rd1 Re8 34. d7 1-0

[Event "Budapest FS09 IM-A"]
[Site "Budapest"]
[Date "2005.09.03"]
[Round "1"]
[White "Harila, Per"]
[Black "Petran, Pal"]
[Result "0-1"]
[WhiteElo "2144"]
[BlackElo "2416"]
[PlyCount "54"]
[EventDate "2005.09.03"]
[EventType "tourn"]
[EventRounds "9"]
[EventCountry "HUN"]
[EventCategory "2"]
[SourceTitle "CBM 108 Extra"]
[Source "ChessBase"]
[SourceDate "2005.11.04"]
[SourceVersion "1"]
[SourceVersionDate "2005.11.04"]
[SourceQuality "1"]

1. d4 Nf6 2. g3 d5 3. Bg2 c6 4. Nf3 Bg4 5. Ne5 Bh5 6. 0-0 Nbd7 7. a4 a5 8. c4 e6 9. Nd2 Nxe5 10. dxe5 Nd7 11. cxd5 cxd5 12. f4 Bc5+ 13. Kh1 0-0 14. Nf3 Nb8 15. Bd2 Nc6 16. h3 Rc8 17. Rc1 Qb6 18. g4 Bg6 19. Nh4 Be4 20. Bxe4 dxe4 21. Qc2 Bf2 22. Bxa5 Qe3 23. Rxf2 Qxf2 24. Ng2 Qg3 25. Qc3 e3 26. Bb4 Qxh3+ 27. Kg1 Nd4 0-1

[Event "Budapest FS04 Elo-A"]
[Site "Budapest"]
[Date "2005.04.10"]
[Round "9"]
[White "Harila, Per"]
[Black "Szilardfy, Gyula"]
[Result "1-0"]
[WhiteElo "2083"]
[BlackElo "2123"]
[PlyCount "59"]
[EventDate "2005.04.02"]
[EventType "tourn"]
[EventRounds "11"]
[EventCountry "HUN"]
[SourceTitle "CBM 105 Extra"]
[Source "ChessBase"]
[SourceDate "2005.05.01"]
[SourceVersion "1"]
[SourceVersionDate "2005.05.01"]
[SourceQuality "1"]

1. e4 c5 2. Nf3 Nc6 3. Bb5 g6 4. Bxc6 dxc6 5. h3 Bg7 6. d3 Nf6 7. Nc3 Nd7 8. Be3 e5 9. Qd2 Qe7 10. 0-0 Nf8 11. Bh6 Ne6 12. Bxg7 Nxg7 13. Ne2 0-0 14. Nh2 Be6 15. f4 exf4 16. Nxf4 Rad8 17. Nxe6 fxe6 18. Rxf8+ Rxf8 19. Rf1 Rxf1+ 20. Nxf1 Qd6 21. c3 e5 22. Ne3 b5 23. Ng4 Nh5 24. Qg5 Qxd3 25. Qxe5 Qb1+ 26. Kh2 Qxa2 27. Nh6+ Kf8 28. Qh8+ Ke7 29. Qxh7+ Kf6 30. Ng4+ 1-0

[Event "Budapest FS04 Elo-A"]
[Site "Budapest"]
[Date "2005.04.09"]
[Round "8"]
[White "Bednay, Bence"]
[Black "Harila, Per"]
[Result "0-1"]
[WhiteElo "2176"]
[BlackElo "2083"]
[PlyCount "68"]
[EventDate "2005.04.02"]
[EventType "tourn"]
[EventRounds "11"]
[EventCountry "HUN"]
[SourceTitle "CBM 105 Extra"]
[Source "ChessBase"]
[SourceDate "2005.05.01"]
[SourceVersion "1"]
[SourceVersionDate "2005.05.01"]
[SourceQuality "1"]

1. e4 c5 2. Nf3 Nc6 3. d4 cxd4 4. Nxd4 g6 5. c4 Nf6 6. Nc3 d6 7. Be2 Bg7 8. Be3 0-0 9. 0-0 Nxd4 10. Bxd4 Bd7 11. Rc1 Bc6 12. f3 Nd7 13. Be3 a5 14. Qd2 Nc5 15. Rfd1 a4 16. Bf1 Re8 17. Qf2 Qb6 18. Rc2 a3 19. b3 Qa5 20. Nd5 Bxd5 21. cxd5 Rec8 22. Bd2 Qd8 23. Bc4 b5 24. Bxb5 Nxb3 25. Rxc8 Rxc8 26. Be3 Qa5 27. Bd7 Rb8 28. Rb1 Qc7 29. Bc6 Nc5 30. Qf1 Rb2 31. Qd1 Qb6 32. Ra1 Qb4 33. Kh1 Qc3 34. Bc1 Rb8 0-1

[Event "Budapest FS03 FM-A"]
[Site "Budapest"]
[Date "2005.03.10"]
[Round "6"]
[White "Lakat, Gyula"]
[Black "Harila, Per"]
[Result "0-1"]
[WhiteElo "2006"]
[BlackElo "2083"]
[PlyCount "142"]
[EventDate "2005.03.05"]
[EventType "tourn"]
[EventRounds "13"]
[EventCountry "HUN"]
[SourceTitle "CBM 105 Extra"]
[Source "ChessBase"]
[SourceDate "2005.05.01"]
[SourceVersion "1"]
[SourceVersionDate "2005.05.01"]
[SourceQuality "1"]

1. d4 Nf6 2. c4 c5 3. e3 cxd4 4. exd4 d5 5. cxd5 Nxd5 6. Bb5+ Bd7 7. Bxd7+ Qxd7 8. Nf3 Nc6 9. 0-0 e6 10. Ne5 Qc7 11. Qa4 Bd6 12. Nxc6 Qxc6 13. Qxc6+ bxc6 14. Bd2 Rb8 15. b3 Kd7 16. Nc3 Nxc3 17. Bxc3 Rhg8 18. Rfd1 g6 19. Rd3 Rb5 20. Rad1 Ra8 21. Rh3 h5 22. Rf3 Ke7 23. h4 a5 24. Bd2 a4 25. Bg5+ Ke8 26. Rc1 axb3 27. axb3 Ra6 28. g3 Rab6 29. Kg2 Ra6 30. Rc4 Bf8 31. Bf6 Bd6 32. Re3 Kd7 33. f4 Ra3 34. Rcc3 Bb4 35. Rcd3 Ra2+ 36. Kf3 Rc2 37. Re2 Rxe2 38. Kxe2 Ra5 39. Kf3 Ra2 40. Re3 Rc2 41. Re2 Rxe2 42. Kxe2 Kd6 43. Kf3 Kd5 44. g4 hxg4+ 45. Kxg4 Ke4 46. Kg5 Be1 47. Kh6 Kxf4 48. Kg7 Kf5 49. Kxf7 Bb4 50. Bd8 Bc3 51. Bb6 Be1 52. Bd8 Bf2 53. Bf6 c5 54. dxc5 Bxc5 55. Bg5 e5 56. Kg7 e4 57. Kh6 Bf8+ 58. Kh7 Bc5 59. Kh6 e3 60. b4 e2 61. Bd2 Bf8+ 62. Kh7 Be7 63. Be1 Bd6 64. Kg7 Be5+ 65. Kf7 Bd4 66. b5 Bb6 67. Kg7 Bc5 68. Kf7 Bd4 69. Ke7 Kg4 70. Kf7 Kh5 71. Ke6 Bb6 0-1

[Event "Budapest FS03 FM-A"]
[Site "Budapest"]
[Date "2005.03.07"]
[Round "3"]
[White "Zoltan, Andras"]
[Black "Harila, Per"]
[Result "0-1"]
[WhiteElo "2044"]
[BlackElo "2083"]
[PlyCount "80"]
[EventDate "2005.03.05"]
[EventType "tourn"]
[EventRounds "13"]
[EventCountry "HUN"]
[SourceTitle "CBM 105 Extra"]
[Source "ChessBase"]
[SourceDate "2005.05.01"]
[SourceVersion "1"]
[SourceVersionDate "2005.05.01"]
[SourceQuality "1"]

1. e4 c5 2. Nf3 g6 3. d4 cxd4 4. Qxd4 Nf6 5. e5 Nc6 6. Qa4 Nd5 7. Qc4 Nb6 8. Qe2 Bg7 9. Nc3 0-0 10. Bf4 d5 11. 0-0-0 Bg4 12. h3 Bxf3 13. Qxf3 Nxe5 14. Bxe5 Bxe5 15. Nxd5 Nxd5 16. Qxd5 Qc7 17. Bc4 e6 18. Qe4 b5 19. Bd3 Bg7 20. h4 Qe7 21. h5 Qf6 22. hxg6 Qxb2+ 23. Kd2 hxg6 24. Rb1 Qc3+ 25. Ke2 a6 26. Rb3 Qc5 27. Rh3 Rfd8 28. Rf3 Ra7 29. Rh3 Rad7 30. Kf1 Rd5 31. Qh4 Rd4 32. Qh7+ Kf8 33. Rf3 Qg5 34. Rb1 Rh4 35. Qxg6 Qxg6 36. Bxg6 Rh1+ 37. Ke2 Rxb1 38. Rxf7+ Kg8 39. Re7 Rbd1 40. Rxe6 R1d6 0-1

[Event "Internet Section 10A g/8'+2\""]
[Site "Dos Hermanas"]
[Date "2004.03.10"]
[Round "1"]
[White "Guseinov, Gadir"]
[Black "Harila, Per"]
[Result "1-0"]
[WhiteElo "2571"]
[BlackElo "2083"]
[PlyCount "53"]
[EventDate "2004.03.10"]
[EventType "swiss (blitz)"]
[EventRounds "9"]
[EventCountry "ESP"]
[SourceTitle "EXT 2005"]
[Source "ChessBase"]
[SourceDate "2004.11.15"]
[SourceVersion "1"]
[SourceVersionDate "2004.11.15"]
[SourceQuality "1"]

1. e4 c5 2. Nf3 Nc6 3. Nc3 g6 4. d4 cxd4 5. Nxd4 Bg7 6. Be3 Nf6 7. Bc4 0-0 8. Bb3 a5 9. 0-0 a4 10. Nxa4 Nxe4 11. Nb5 Rxa4 12. Bxa4 Bxb2 13. Rb1 Nc3 14. Nxc3 Bxc3 15. Bxc6 bxc6 16. Bb6 Qe8 17. Qd3 Bg7 18. a4 d5 19. a5 Qd7 20. a6 e5 21. Bc5 Re8 22. Rb8 e4 23. Qa3 Be5 24. a7 Bb7 25. Rxe8+ Qxe8 26. Rb1 Qd7 27. Rxb7 1-0

[Event "Internet Section 08A g/8'+2\""]
[Site "Dos Hermanas"]
[Date "2004.03.08"]
[Round "5"]
[White "Harila, Per"]
[Black "Rodriguez, Emilio"]
[Result "0-1"]
[WhiteElo "2083"]
[BlackElo "2249"]
[PlyCount "48"]
[EventDate "2004.03.08"]
[EventType "swiss (blitz)"]
[EventRounds "9"]
[EventCountry "ESP"]
[SourceTitle "CBM 099 Extra"]
[Source "ChessBase"]
[SourceDate "2004.05.04"]
[SourceVersion "1"]
[SourceVersionDate "2004.05.04"]
[SourceQuality "1"]

1. d4 c5 2. d5 a6 3. c4 d6 4. Nc3 e6 5. e4 exd5 6. cxd5 b5 7. f4 g6 8. Nf3 Bg7 9. Bd3 Nf6 10. 0-0 0-0 11. e5 dxe5 12. fxe5 Nxd5 13. Nxd5 Qxd5 14. Qe2 c4 15. Be4 Qc5+ 16. Be3 Qe7 17. Bxa8 Bg4 18. Qf2 Nd7 19. Bd5 Nxe5 20. Nxe5 Qxe5 21. Bxf7+ Kh8 22. Bc5 Rxf7 23. Qxf7 Qxc5+ 24. Qf2 Bd4 0-1